000 00503nmm a2200157Ia 4500
008 251105s9999||||xx |||||||||||||||||und||
020 _a9788425229619
041 _aspa
100 _aScheinberger, Felix
245 0 _aAtrévete con el cuaderno de dibujo :
_b El compañero de viaje del urban sketcher
264 _a[Madrid, España] :
_bEditorial Gustavo Gili,
_c2018
300 _a160 páginas
650 _aArts in general
856 _uhttps://public.digitaliapublishing.com/a/65930
942 _cCF
999 _c80331
_d80331